Segunda encuesta de la industria manufacturera fabril 1972

Contiene información sobre producción, venta, gastos de operación, existencias, gastos generales, inversión y financiamiento de la industria manufacturera fabril en Guatemala./ALLV

Bewaard in:
Bibliografische gegevens
Coauteur: Guatemala. Ministerio de Economía. Dirección General de Estadística. Departamento de Estadísticas Contínuas
Formaat: Texto
Gepubliceerd in: Guatemala :
Onderwerpen:
Tags: Voeg label toe
Geen labels, Wees de eerste die dit record labelt!

MARC

LEADER 00000 a a2200000 04500
001 19672
003
040
090 |a 078600  
110 |a Guatemala. Ministerio de Economía. Dirección General de Estadística. Departamento de Estadísticas Contínuas  
245 |a Segunda encuesta de la industria manufacturera fabril 1972  
260 |a Guatemala :  
300 |a 529 p.  
520 |a Contiene información sobre producción, venta, gastos de operación, existencias, gastos generales, inversión y financiamiento de la industria manufacturera fabril en Guatemala./ALLV  
650 |a ENCUESTAS  
650 |a INDUSTRIA  
999 |c 3761  |d 3761